[Event "Dortmund Sparkassen op-B"]
[Site "Dortmund"]
[Date "2010.07.17"]
[Round "1"]
[White "Grabowski, Domenic"]
[Black "Huber, Helmut"]
[Result "1/2-1/2"]
[WhiteElo "1234"]
[BlackElo "1585"]
[PlyCount "77"]
[EventDate "2010.07.17"]
[EventType "swiss"]
[EventRounds "9"]
[EventCountry "GER"]
[SourceTitle "EXT 2014"]
[Source "ChessBase"]
[SourceDate "2013.11.20"]
[SourceVersion "1"]
[SourceVersionDate "2013.11.20"]
[SourceQuality "1"]

1. e4 c5 2. c3 d5 3. Nf3 dxe4 4. Qa4+ Nc6 5. Qxe4 Nf6 6. Qe3 Qa5 7. d4 cxd4 8. Nxd4 Nxd4 9. Qxd4 Bf5 10. Qc4 a6 11. Be3 e6 12. Nd2 Be7 13. Bd3 Bxd3 14. Qxd3 0-0 15. 0-0 Rfd8 16. Qc2 Nd5 17. Bd4 Rac8 18. Qb3 Qc7 19. Nf3 b5 20. Rac1 Nf4 21. Be5 Ne2+ 22. Kh1 Nxc1 23. Bxc7 Nxb3 24. Bxd8 Rxd8 25. axb3 Bc5 26. Kg1 f6 27. b4 Ba7 28. Ra1 Rd6 29. Kf1 e5 30. Ke2 Kf7 31. b3 e4 32. Nd2 f5 33. c4 bxc4 34. bxc4 Bd4 35. Ra3 Bb2 36. Ra2 Bc3 37. b5 axb5 38. cxb5 Rb6 39. Nc4 1/2-1/2

[Event "Dortmund op-B"]
[Site "Dortmund"]
[Date "2009.07.10"]
[Round "7"]
[White "Grabowski, Domenic"]
[Black "Werninghaus, Klaus Peter"]
[Result "1/2-1/2"]
[WhiteElo "1150"]
[BlackElo "2018"]
[PlyCount "77"]
[EventDate "2009.07.04"]
[EventType "swiss"]
[EventRounds "9"]
[EventCountry "GER"]
[SourceTitle "EXT 2012"]
[Source "ChessBase"]
[SourceDate "2011.11.24"]
[SourceVersion "1"]
[SourceVersionDate "2011.11.24"]
[SourceQuality "1"]

1. e4 c6 2. d4 d5 3. exd5 cxd5 4. Nf3 Nc6 5. Be2 e6 6. 0-0 Nf6 7. Bg5 Be7 8. Nc3 a6 9. Ne5 Nd7 10. Bxe7 Qxe7 11. Nxd7 Bxd7 12. Bg4 0-0 13. Re1 Qb4 14. Ne2 Rad8 15. b3 b5 16. Qd3 Qd6 17. c3 Rfe8 18. Qg3 e5 19. dxe5 Nxe5 20. Bxd7 Qxd7 21. Nd4 Nc6 22. Rxe8+ Rxe8 23. Kf1 Nxd4 24. cxd4 Qe6 25. Qc3 Rc8 26. Qe1 Qf5 27. Rc1 h6 28. Rxc8+ Qxc8 29. Qe5 Qc6 30. g3 a5 31. a4 bxa4 32. bxa4 Qc4+ 33. Kg2 Qc6 34. Qf5 g6 35. Qf3 Kg7 36. g4 Qd7 37. h3 g5 38. Kg3 Qd6+ 39. Kg2 1/2-1/2